| 000 | 01053nam a22002057a 4500 | ||
|---|---|---|---|
| 008 | 090517t xxu||||| |||| 00| 0 eng d | ||
| 020 | _a159370108X (pbk.) | ||
| 082 |
_222 _a338.272820148 _bOIL |
||
| 245 |
_aD & D Standard Oil & Gas Abbreviator / _ccompiled by the Association of Desk and Derrick Clubs. |
||
| 250 | _a6th ed. | ||
| 260 |
_aTulsa, Okla. : _b PennWell, _cc2006. |
||
| 300 |
_a xviii, 384 p. ; _c 21 cm.+ _e1 CD-ROM (3 1/4 in.) |
||
| 500 | _a Rev. ed. of: D & D standard oil abbreviator. 5th ed. c2001. | ||
| 650 |
_94740 _aPetroleum industry and trade _x--Abbreviations. |
||
| 650 |
_94741 _a Gas industry _x--Abbreviations. |
||
| 710 |
_94742 _aAssociation of Desk and Derrick Clubs (U.S.) |
||
| 942 |
_2ddc _cBB |
||
| 999 |
_c11531 _d11531 |
||